<?xml version="1.0" encoding="UTF-8"?>
<record
    xmlns:xsi="http://www.w3.org/2001/XMLSchema-instance"
    xsi:schemaLocation="http://www.loc.gov/MARC21/slim http://www.loc.gov/standards/marcxml/schema/MARC21slim.xsd"
    xmlns="http://www.loc.gov/MARC21/slim">

  <leader>00190nam a2200085   4500</leader>
  <controlfield tag="001">1257544</controlfield>
  <controlfield tag="005">20260216105946.0</controlfield>
  <datafield tag="245" ind1=" " ind2=" ">
    <subfield code="a">inivasyon izinde </subfield>
    <subfield code="c">ahmet melih karau&#x11F;uz</subfield>
  </datafield>
  <datafield tag="260" ind1=" " ind2=" ">
    <subfield code="b">mosquite</subfield>
  </datafield>
  <datafield tag="999" ind1=" " ind2=" ">
    <subfield code="c">1257544</subfield>
    <subfield code="d">1257544</subfield>
  </datafield>
  <datafield tag="952" ind1=" " ind2=" ">
    <subfield code="0">0</subfield>
    <subfield code="1">0</subfield>
    <subfield code="2">ddc</subfield>
    <subfield code="4">0</subfield>
    <subfield code="7">0</subfield>
    <subfield code="a">1078</subfield>
    <subfield code="b">1078</subfield>
    <subfield code="d">2026-02-16</subfield>
    <subfield code="l">1</subfield>
    <subfield code="o">1-4</subfield>
    <subfield code="p">10787514</subfield>
    <subfield code="r">2026-04-24 11:25:43</subfield>
    <subfield code="s">2026-02-24</subfield>
    <subfield code="w">2026-02-16</subfield>
    <subfield code="y">BK</subfield>
  </datafield>
</record>
